000 00311nam a22001457a 4500
020 _a81-7656-508-3
041 _aENG
100 _aSimply
245 _aMicrosoft Windows XP Home Edition
260 _aDelhi
_bBPB PUB
_c2001
300 _a429
650 _aComputer
700 _aVisual
856 _uComputer
999 _c767
_d767